000 00581 a2200193 4500
001 61873
005 20260407155911.0
008 260407a1958 arg spa d
003 AR-UNSa-BCEJYS
040 _aAR-UNSa-BCEJYS
_bspa
_cAR-UNSa-BCEJYS
080 _a347.961.4
_xDocumentos oficiales. Escrituras. Copias certificadas
245 1 0 _aConstitución de sociedades anónimas
264 1 _aBuenos Aires :
_bAbeledo Perrot
_c1958
300 _a261 p.
_c23 cm.
041 _aspa
942 _cBK
590 _aniveau_biblio:m niveau_hierar:0
100 1 _aGonzález, Carlos Emérito
999 _c7463
_d7463